00619nam a2200217Ia 450000500170000000800410001702000150005808200130007310000180008624500650010425000090016926000380017830000190021665000110023565000130024665000110025965000120027094200060028295200980028899900150038620240516045523.0240331s9999 xx 000 0 und d a0521418682 bAGAa333 aAgarwal, Bina 2aA field of one's own :bgender and land rights in South Asia a1 st aNew DelhibFoundation booksc1994 axxi, 572 p .,  aGender aEconomic aSocial a\Rights cL 001040708LaWERCLbWERCLcSSCd2024-03-31l0o 333.31 AGAp5018r2024-03-31w2024-03-31yL c2741d2741